000 nam a22 a 4500
999 _c63
_d63
003 AKMAL
005 20170413151514.0
008 170413s1999 myk 00 may d
020 _a9839948417 (RM200.00)
040 _aAKMAL
082 0 4 _a923.595
_221
090 0 0 _a923.595
_bZAH
100 0 _aZahidi Dato' Zainol Rashid,
_d1953-
_9201
245 1 0 _aMahathir di mata umum /
_cZahidi B Hj. Zainol Rashid
260 _aAlor Setar :
_bKoperasi Serbaguna Penulis Utara Malaysia Berhad,,
_c1999
300 0 0 _a195ms. :
_bill. (some col.) ;
_c30 x 30cm
504 _aBibliografi: ms.196-199
600 0 0 _aMahathir bin Mohamad,
_cDato' Seri,
_d1925-
_95
650 0 _aPrime ministers
_zMalaysia
_vBiography
_947
651 0 _aMalaysia
_xPolitics and government
_944
942 _2ddc
_cBOOK